| 000 | 01383nam0a2200241 4500 | ||
|---|---|---|---|
| 001 | RU\NLR\BIBL_A\011825108 | ||
| 005 | 20250626135050.0 | ||
| 035 | _a(NLR Aleph) 011825108 | ||
| 090 |
_a11981163 _c11981163 |
||
| 100 | _a20181016d1939 |||y0rusy50 ca | ||
| 101 | 0 | _aady | |
| 102 | _aRU | ||
| 105 | _ay z 000 y | ||
| 200 | 1 |
_aСельскохозяйственныэ налогым изаконы ипроектыкIэ СССР-м и верховнэ советы ия IV-рэ внеочередной сессие докладэу къыщишIыгъэр _aСССР-м и верховнэ советы ия IV-рэ внеочередной сессие сельскохозяйственнэ налогымкIэ законэу утвердить ышIыгъэр _fА.Г. Зверев _gзэзыдзэкIыгъэхэр Шэуджен М., Джанчат М. |
|
| 210 |
_aМыекъуапэ _cАдыгнациздат _d1939 |
||
| 215 |
_a33, [1] с. _d13 |
||
| 541 | 1 |
_aО проекте закона о сельскохозяйственном налоге _aЗакон о сельскохозяйственном налоге _zrus |
|
| 700 | 1 |
_aЗверев _bА. Г. _f1900-1969 _gАрсений Григорьевич _4070 |
|
| 852 |
_aNLR _bОНЛ _jАдыг./1-67 |
||
| 852 |
_aNLR _bОНЛ _jАдыг./1-67 |
||
| 942 | _cBOOK | ||
| 980 | _aNB | ||